Loading...
| Arts - Painting | 1 | 6 | 0 | 2 | 75 | 82 | 117.43 | 1 | 7 |
| History - American History | 3 | 1 | 0 | 0 | 55 | 53 | 64.50 | 3 | 4 |
| History - World History | 1 | 3 | 0 | 0 | 45 | 36 | 74.50 | 1 | 4 |
| History - Other History | 2 | 1 | 0 | 0 | 40 | 62 | 76.00 | 3 | 3 |
| Literature - World Lit | 1 | 2 | 0 | 0 | 35 | 43 | 76.00 | 0 | 3 |
| Arts - Music | 0 | 3 | 0 | 1 | 30 | 81 | 109.33 | 0 | 3 |
| Literature - American Lit | 0 | 3 | 1 | 1 | 25 | 110 | 128.67 | 0 | 3 |
| Literature - British Lit | 0 | 2 | 0 | 0 | 20 | 120 | 123.50 | 0 | 2 |
| Beliefs - Religion | 0 | 2 | 0 | 0 | 20 | 94 | 102.00 | 1 | 2 |
| Literature - Euro Lit | 0 | 2 | 0 | 2 | 20 | 123 | 124.50 | 0 | 2 |
| Science - Biology | 0 | 2 | 0 | 1 | 20 | 104 | 115.50 | 1 | 2 |
| Arts - Other Arts | 0 | 2 | 1 | 1 | 15 | 117 | 128.50 | 0 | 2 |
| Beliefs - Mythology | 1 | 0 | 0 | 0 | 15 | 73 | 73.00 | 1 | 1 |
| Science - Engineering | 1 | 0 | 0 | 0 | 15 | 53 | 53.00 | 1 | 1 |
| Other - Other Academic | 1 | 0 | 0 | 0 | 15 | 72 | 72.00 | 1 | 1 |
| Science - Physics | 0 | 1 | 0 | 0 | 10 | 85 | 85.00 | 1 | 1 |
| Other - Geo/CE | 0 | 1 | 0 | 1 | 10 | 126 | 126.00 | 0 | 1 |
| Thought - Social Science | 0 | 1 | 0 | 0 | 10 | 74 | 74.00 | 0 | 1 |
| Science - Chemistry | 0 | 0 | 0 | 0 | 0 | 0.00 | 0 | 0 | |
| Science - Other Science | 0 | 0 | 1 | 0 | -5 | 0.00 | 0 | 0 | |
| History - Euro History | 0 | 0 | 2 | 0 | -10 | 0.00 | 0 | 0 |